Tiempo y realidad en el pensamiento maya (Record no. 9200)

MARC details
000 -CABECERA
campo de control de longitud fija 00878nam a2200253 a 4500
001 - NÚMERO DE CONTROL
campo de control BRL_387
005 - FECHA Y HORA DE LA ÚLTIMA TRANSACCIÓN
campo de control 20190320210722.0
008 - DATOS DE LONGITUD FIJA--INFORMACIÓN GENERAL
campo de control de longitud fija 060813s1968----mx-a######---#000-0#spa-#
041 ## - CÓDIGO DE LENGUA
Código de lengua del texto/banda sonora o título independiente spa
044 ## - CÓDIGO DEL PAÍS DE LA ENTIDAD EDITORA/PRODUCTORA
Código MARC del país mx
050 #4 - SIGNATURA TOPOGRÁFICA DE LA BIBLIOTECA DEL CONGRESO
Número de clasificación F1435.3.C14
Número de documento/Ítem .L46 1968
100 1# - ENTRADA PRINCIPAL--NOMBRE DE PERSONA
Nombre de persona León-Portilla, Miguel
9 (RLIN) 504
245 10 - MENCIÓN DE TÍTULO
Título Tiempo y realidad en el pensamiento maya
Resto del título ensayo de acercamiento
Mención de responsabilidad, etc. Miguel León-Portilla ; prólogo de J. Eric S. Thompson; Apendice de Alfonso Villa Rojas.
260 ## - PUBLICACIÓN, DISTRIBUCIÓN, ETC.
Lugar de publicación, distribución, etc. México
Nombre del editor, distribuidor, etc. UNAM, Instituto de Investigaciones Históricas
Fecha de publicación, distribución, etc. 1968
300 ## - DESCRIPCIÓN FÍSICA
Extensión 176 p.
Otras características físicas il., mapas
Dimensiones 24 cm.
440 #0 - MENCIÓN DE SERIE/PUNTO DE ACCESO ADICIONAL--TÍTULO
Título Serie de Culturas Mesoamericanas
Designación de volumen o secuencia 2
9 (RLIN) 23745
500 ## - NOTA GENERAL
Nota general Au366
500 ## - NOTA GENERAL
Nota general Incluye referencias bibliográficas e índices.
650 14 - PUNTO DE ACCESO ADICIONAL DE MATERIA--TÉRMINO DE MATERIA
Término de materia o nombre geográfico como elemento de entrada Filosofía maya
9 (RLIN) 9660
650 14 - PUNTO DE ACCESO ADICIONAL DE MATERIA--TÉRMINO DE MATERIA
Término de materia o nombre geográfico como elemento de entrada Calendario maya
9 (RLIN) 8075
700 1# - PUNTO DE ACCESO ADICIONAL--NOMBRE DE PERSONA
Nombre de persona Villa Rojas, Alfonso
9 (RLIN) 23746
902 ## - CATALOGADOR
Iniciales GRL
942 ## - ELEMENTOS DE PUNTO DE ACCESO ADICIONAL (KOHA)
Fuente del sistema de clasificación o colocación Library of Congress Classification
Tipo de ítem Koha Libros
Holdings
Estado de retiro Estado de pérdida Estado dañado No para préstamo Localización permanente Ubicación/localización actual Fecha de adquisición Número de inventario Total de préstamos Signatura topográfica completa Código de barras Fecha visto por última vez Precio válido a partir de Tipo de ítem Koha
El ejemplar forma parte de la colección y puede ser consultado según las políticas vigentes.       Biblioteca Centro de Estudios Ruth D. Lechuga Biblioteca Centro de Estudios Ruth D. Lechuga 06/08/2013 Au366   F1435.3.C14 .L46 1968 (Au366) GRL00413 22/03/2019 22/03/2019 Libros